书目信息 |
| 题名: |
北京工艺美术集
|
|
| 作者: | 王明石 编 | |
| 分册: | ||
| 出版信息: | 北京 北京出版社 1983.9 |
|
| 页数: | 163页 | |
| 开本: | 20cm | |
| 丛书名: | ||
| 单 册: | ||
| 中图分类: | J521.1 | |
| 科图分类: | ||
| 主题词: | 工艺美术--中国 | |
| 电子资源: | ||
| ISBN: | ||
| 000 | 00534nam0 2200193 45 | |
| 001 | 0312221749 | |
| 005 | 20031222171145.0 | |
| 010 | @dCNY0.72 | |
| 100 | @a20031222d1983 km y0chiy0120 ea | |
| 101 | @achi | |
| 105 | @a z 000yy | |
| 200 | 1 | @a北京工艺美术集@ABei Jing Gong Yi Mei Shu Ji@f王明石编@FWang Ming Shi Bian |
| 210 | @a北京@c北京出版社@d1983.9 | |
| 215 | @a163页@d20cm | |
| 606 | 0 | @a工艺美术@x中国 |
| 690 | @aJ521.1@v3 | |
| 701 | 0 | @a王明石@4编 |
| 801 | @aCN@bTSTCL@c20031222 | |
| 905 | @a213230@dJ521.1@e13@b106660-662@f3 | |
| 北京工艺美术集/王明石编.-北京:北京出版社,1983.9 |
| 163页;20cm |
| ISBN :CNY0.72 |
| ● |
| 相关链接 |
|
|
|
|
正题名:北京工艺美术集
索取号:J521.1/13
 
预约/预借
| 序号 | 登录号 | 条形码 | 馆藏地/架位号 | 状态 | 备注 |
| 1 | 0106660 | 000573043 | 密集书库/ [索取号:J521.1/13] | 在馆 | |
| 2 | 0106661 | 000573070 | 第一借阅区/ [索取号:J521.1/13] | 在馆 | |
| 3 | 0106662 | 000573016 | 第一样本阅览室/ [索取号:J521.1/13] | 在馆 |